Welcome to the Holygrace Academy Library

Please use search bar below to get started

COMPLETE COMPUTER DICTIONARY (Record no. 1715)

MARC details
000 -LEADER
fixed length control field 00321nam a22001337a 4500
082 ## - DEWEY DECIMAL CLASSIFICATION NUMBER
Classification number 030
Item number RAV/C
100 ## - MAIN ENTRY--AUTHOR NAME
Personal name RAVICHANDRAN, C R
245 ## - TITLE STATEMENT
Title COMPLETE COMPUTER DICTIONARY
250 ## - EDITION STATEMENT
Edition statement FIRST EDITION
260 ## - PUBLICATION, DISTRIBUTION, ETC. (IMPRINT)
Place of publication TRICHUR
Name of publisher LUNES PUBLICATIONS
Year of publication 1999
300 ## - PHYSICAL DESCRIPTION
Number of Pages 456
650 ## - SUBJECT ADDED ENTRY--TOPICAL TERM
Topical Term COMPUTER DICTIONARY
Geographic subdivision INDIA
942 ## - ADDED ENTRY ELEMENTS (KOHA)
Koha item type Books
Holdings
Withdrawn status Lost status Collection code Home library Current library Shelving location Date acquired Source of acquisition Cost, normal purchase price Full call number Accession Number Koha item type
    Reference Main Library Main Library SHELF 1-A DICTIONARIES 28/03/2003 purchase 60.00 030 RAV/C 00914 Books